00428nam a2200145Ia 4500008004100000041000900041082001600050100001800066245002700084260004600111300000700157650000800164999001700172952009300189230718s9999 xx 000 0 und d aEng. a3835bMR.-N aMr. M, Freami 0aNational law reporters aPakistanbNational law repaired2005c2003 a72 aLaw c27229d27229 00104070aSIRC-LbSIRC-Ld2023-07-18l0o3835 MR.-Np22181r2023-07-18w2023-07-18yBK